| 000 | 00482nam a2200145 a 4500 | ||
|---|---|---|---|
| 001 | 000038234 | ||
| 005 | 20201002031215.0 | ||
| 008 | 130405s1996 xxu 000 0 spa d | ||
| 040 |
_aDO-SdBNP _bspa _cBNPHU |
||
| 041 | 1 | 7 |
_aspa _beng |
| 100 | 1 |
_aTorres Veras, Mayobanex A. _940387 |
|
| 245 | 1 | 0 |
_aSecret tips to succeed in a resident training program / _cMayobanex A. Torres Veras. |
| 260 |
_aNew York, EE. UU. : _bFénix Promotions & Advertinding, _c1996. |
||
| 300 |
_a209 p. ; _c22 cm. |
||
| 999 |
_c37724 _d37724 |
||